[Event "Bangkok Rooky op"]
[Site "Bangkok"]
[Date "2023.10.23"]
[Round "6"]
[White "Hong, Ian"]
[Black "Krishtopov, Konstantin"]
[Result "1/2-1/2"]
[WhiteElo "1786"]
[BlackElo "1483"]
[PlyCount "71"]
[EventDate "2023.10.20"]
[EventType "swiss"]
[EventRounds "7"]
[EventCountry "THA"]
[SourceTitle "Mega2024 Update 01"]
[Source "Chessbase"]
[SourceDate "2023.11.12"]
[SourceVersion "1"]
[SourceVersionDate "2023.11.12"]
[SourceQuality "1"]

1. e4 c5 2. Nf3 g6 3. d4 cxd4 4. Nxd4 Nf6 5. Nc3 d6 6. Be3 Bg7 7. Bc4 0-0 8. f3 Nc6 9. Qd2 Bd7 10. 0-0-0 Rc8 11. Bb3 Ne5 12. g4 Nc4 13. Bxc4 Rxc4 14. h4 b5 15. h5 b4 16. Nce2 Qa5 17. Kb1 Rfc8 18. hxg6 fxg6 19. Ng3 e5 20. Nb3 Qc7 21. g5 Ne8 22. Qd5+ Kf8 23. Rxh7 Rxc2 24. Nc5 Rxc5 25. Bxc5 Qxc5 26. Qd2 Be6 27. Rhh1 Qc4 28. b3 Qb5 29. Qd3 Qb6 30. Rc1 Nc7 31. Ne2 Nb5 32. Kb2 Na3 33. Rhd1 Rd8 34. Rd2 a5 35. Ng3 Nb5 36. Ne2 1/2-1/2

[Event "Bangkok Big Rook op"]
[Site "Bangkok"]
[Date "2023.05.05"]
[Round "3"]
[White "Hong, Ian"]
[Black "Yang, Ching Wei Austin"]
[Result "1-0"]
[WhiteElo "1794"]
[BlackElo "2201"]
[PlyCount "105"]
[EventDate "2023.05.04"]
[EventType "swiss"]
[EventRounds "7"]
[EventCountry "THA"]
[SourceTitle "CBM 214 Extra"]
[Source "ChessBase"]
[SourceDate "2023.07.31"]
[SourceVersion "1"]
[SourceVersionDate "2023.07.31"]
[SourceQuality "1"]

1. e4 c5 2. Nf3 d6 3. d4 cxd4 4. Nxd4 Nf6 5. Nc3 Nc6 6. f3 e5 7. Nb3 Be6 8. Be3 d5 9. exd5 Nxd5 10. Nxd5 Qxd5 11. Qxd5 Bxd5 12. 0-0-0 0-0-0 13. Bb5 a6 14. Bxc6 Bxc6 15. Rxd8+ Kxd8 16. Rd1+ Kc8 17. Na5 Bb5 18. c4 Ba4 19. b3 Be8 20. c5 f6 21. Nc4 Be7 22. Nb6+ Kb8 23. a4 Bc6 24. Nd5 Bxd5 25. Rxd5 Kc7 26. b4 Kc6 27. Rd3 Rd8 28. Rb3 f5 29. Kc2 g5 30. b5+ axb5 31. axb5+ Kc7 32. c6 bxc6 33. Rc3 c5 34. Bxc5 Bxc5 35. Rxc5+ Kd6 36. Rc6+ Kd5 37. Rc7 h5 38. Rh7 h4 39. Rg7 g4 40. fxg4 f4 41. b6 Rd6 42. b7 Rb6 43. Rf7 e4 44. g5 f3 45. gxf3 exf3 46. g6 Ke6 47. Kd2 f2 48. Ke2 Rb2+ 49. Kf1 h3 50. Rc7 Kd6 51. Rh7 Ke6 52. g7 Kf7 53. Rh8 1-0

[Event "Pattaya op"]
[Site "Pattaya"]
[Date "2019.10.23"]
[Round "1"]
[White "Mordido, Kylen Joy"]
[Black "Hong, Ian"]
[Result "1-0"]
[WhiteElo "2066"]
[BlackElo "1390"]
[PlyCount "99"]
[EventDate "2019.10.23"]
[EventType "swiss"]
[EventRounds "9"]
[EventCountry "THA"]
[SourceTitle "CBM 195 Extra"]
[Source "ChessBase"]
[SourceDate "2020.05.31"]
[SourceVersion "1"]
[SourceVersionDate "2020.05.31"]
[SourceQuality "1"]

1. c4 e5 2. g3 Nf6 3. Bg2 Be7 4. Nc3 c6 5. d4 exd4 6. Qxd4 0-0 7. e4 d6 8. Nge2 c5 9. Qd1 Nc6 10. 0-0 Be6 11. b3 Ne8 12. Bf4 Bf6 13. Qd2 Qe7 14. Rad1 Nd4 15. Be3 Nxe2+ 16. Nxe2 Rd8 17. Bf4 Rd7 18. Nc3 Be5 19. Be3 Nc7 20. Rfe1 Rfd8 21. f4 Bxc3 22. Qxc3 b5 23. f5 Bxc4 24. bxc4 b4 25. Qb2 Na6 26. Rd3 Nb8 27. Bf4 f6 28. Red1 Nc6 29. Qd2 Ne5 30. Bxe5 fxe5 31. Bh3 Qf6 32. g4 h6 33. Rg3 Rb7 34. Rb1 Rdb8 35. Rbb3 a5 36. Rbd3 Rd8 37. g5 hxg5 38. Bg4 a4 39. Bd1 a3 40. Rxg5 Rbd7 41. Rdg3 Rc8 42. Rg6 Qf8 43. f6 Rcc7 44. Bg4 Rf7 45. Be6 Rb7 46. Rxg7+ Qxg7 47. Rxg7+ Kf8 48. Qxd6+ Ke8 49. Rg8+ Rf8 50. Rxf8# 1-0

[Event "Thailand Pattaya U12 op 2nd"]
[Site "Pattaya"]
[Date "2019.10.20"]
[Round "4"]
[White "Mohd Faizal, Muhd Harris Hasief"]
[Black "Hong, Ian"]
[Result "0-1"]
[WhiteElo "1179"]
[BlackElo "1390"]
[PlyCount "94"]
[EventDate "2019.10.19"]
[EventType "swiss"]
[EventRounds "9"]
[EventCountry "THA"]
[SourceTitle "CBM 193 Extra"]
[Source "ChessBase"]
[SourceDate "2020.01.31"]
[SourceVersion "1"]
[SourceVersionDate "2020.01.31"]
[SourceQuality "1"]

1. e4 c5 2. c3 d5 3. exd5 Qxd5 4. d4 Nc6 5. Nf3 Bg4 6. Be2 e6 7. 0-0 Nf6 8. c4 Qd6 9. dxc5 Qxd1 10. Rxd1 Bxc5 11. Nc3 0-0 12. h3 Bf5 13. Bg5 h6 14. Bxf6 gxf6 15. Rd7 Rab8 16. Rad1 e5 17. R7d5 Bb6 18. Rb5 Bc7 19. Nd5 Bd8 20. Ne3 Be6 21. Nd2 Nd4 22. Bg4 Nxb5 23. cxb5 Bxg4 24. Nxg4 h5 25. Ne3 Bb6 26. Nd5 Kg7 27. Ne4 Rbd8 28. Nexf6 Rd6 29. Rd3 Rxf6 30. Nxf6 Kxf6 31. Rd6+ Kg7 32. a4 Rd8 33. Rxd8 Bxd8 34. Kf1 Kf6 35. Ke2 Ke6 36. f3 f5 37. Ke3 Kd5 38. Kd3 e4+ 39. Ke3 Bg5+ 40. Ke2 e3 41. g3 f4 42. g4 h4 43. Kd3 Kc5 44. Kc3 Bf6+ 45. Kd3 Bxb2 46. g5 Bg7 47. g6 Kb4 0-1

[Event "THA Amatuer-ch"]
[Site "Thailand"]
[Date "2019.02.16"]
[Round "1"]
[White "Calacday, Henry"]
[Black "Hong, Ian"]
[Result "1-0"]
[WhiteElo "1812"]
[BlackElo "1151"]
[PlyCount "69"]
[EventDate "2019.02.16"]
[EventType "swiss"]
[EventRounds "7"]
[EventCountry "THA"]
[SourceTitle "CBM 189 Extra"]
[Source "ChessBase"]
[SourceDate "2019.06.03"]
[SourceVersion "1"]
[SourceVersionDate "2019.06.03"]
[SourceQuality "1"]

1. e4 e5 2. Nf3 Nc6 3. d4 exd4 4. Bc4 Nf6 5. e5 d5 6. Bb5 Ne4 7. Nxd4 Bd7 8. Bxc6 bxc6 9. 0-0 g6 10. f3 Nc5 11. f4 Bg7 12. Qe1 Qe7 13. Nc3 Ne6 14. Be3 Nxd4 15. Bxd4 Bf5 16. Qf2 Bf8 17. e6 f6 18. Na4 Qxe6 19. Rae1 Be4 20. Nc3 Kf7 21. Nxe4 dxe4 22. f5 gxf5 23. Qh4 Bg7 24. Qh5+ Kf8 25. Rxf5 a6 26. Ref1 Ke7 27. Qh4 Raf8 28. Re5 Qxe5 29. Bxe5 Ke6 30. Bc3 Re8 31. Bxf6 Bxf6 32. Qxf6+ Kd7 33. Rd1+ Kc8 34. Qxc6 Rd8 35. Qa8# 1-0